000 00772nam a2200277 i 4500
001 98826
003 ES-MaBCM
005 20241016130557.0
008 040714s1996 esp 000 0 spa d
017 _aTO.481-1996
020 _a84-920758-5-6
021 _axx
035 _a(OCoLC)36226951
040 _cES-MaBCM
041 0 _aspa
043 _aesp
080 _a504.05/.06
100 1 _aCairncross, Frances
_97419
245 1 0 _aEcología SA
_b: ¿cómo ganar dinero sin destrozar el medio ambiente?
_cFrances Cairncross
260 _aMadrid :
_bEcoespaña,
_c1996
300 _a226 p.
_c22 cm
440 0 _aEconomía ecología
_9103487
650 2 7 _aProtección del medio ambiente
_959954
650 2 7 _aPolítica del medio ambiente
_959823
942 _cBK
999 _c98826
_d98826